书目信息 |
| 题名: |
纺织品检验学
|
|
| 作者: | 蒋耀兴 主编 | |
| 分册: | ||
| 出版信息: | 北京 中国纺织出版社 2017.10 |
|
| 页数: | 288页 | |
| 开本: | 26cm | |
| 丛书名: | ||
| 单 册: | ||
| 中图分类: | TS107 | |
| 科图分类: | ||
| 主题词: | 纺织品--质量检验--高等教育--教材 | |
| 电子资源: | ||
| ISBN: | 978-7-5180-4149-7 | |
| 000 | 01017nam0 2200241 450 | |
| 001 | 1086 | |
| 005 | 20180929083232.34 | |
| 010 | @a978-7-5180-4149-7@dCNY58.00 | |
| 100 | @a20180217d2017 em y0chiy50 ea | |
| 101 | 0 | @achi |
| 102 | @aCN@b110000 | |
| 105 | @aa z 000yy | |
| 200 | 1 | @a纺织品检验学@9fang zhi pin jian yan xue@f蒋耀兴主编 |
| 205 | @a3版 | |
| 210 | @a北京@c中国纺织出版社@d2017.10 | |
| 215 | @a288页@c图@d26cm | |
| 300 | @a“十三五”普通高等教育本科部委级规划教材 | |
| 330 | @a本书共分十三章,内容包括:纺织品检验基础知识,纺织品质量与质量管理方法,纺织标准与标准化,纺织原料、纱线、织物、服装及产业化纺织品的质量评定方法、原理、纺织品基本安全技术规范,官能检验方法在纺织品检验中的应用,国家标准或行业标准所规定的关于纺织品理化检验、安全性检验和功能性检测的试验方法及原理,纺织品检验的抽样方法及原理等。 | |
| 606 | 0 | @a纺织品@x质量检验@x高等教育@j教材 |
| 690 | @aTS107@v5 | |
| 701 | 0 | @a蒋耀兴@9jiang yao xing@f(1961.7~)@4主编 |
| 801 | 0 | @aCN@b91MARC@c20180217 |
| 905 | @aMuseLib@dTS107@e20=3 | |
| 纺织品检验学/蒋耀兴主编.-3版.-北京:中国纺织出版社,2017.10 |
| 288页:图;26cm |
| “十三五”普通高等教育本科部委级规划教材 |
| ISBN 978-7-5180-4149-7:CNY58.00 |
| 本书共分十三章,内容包括:纺织品检验基础知识,纺织品质量与质量管理方法,纺织标准与标准化,纺织原料、纱线、织物、服装及产业化纺织品的质量评定方法、原理、纺织品基本安全技术规范,官能检验方法在纺织品检验中的应用,国家标准或行业标准所规定的关于纺织品理化检验、安全性检验和功能性检测的试验方法及原理,纺织品检验的抽样方法及原理等。 |
| ● |
| 相关链接 |
|
|
|
|
正题名:纺织品检验学
索取号:TS107/20=3
 
预约/预借
| 序号 | 登录号 | 条形码 | 馆藏地/架位号 | 状态 | 备注 |
| 1 | 1121104 | 211211044 | 第二样本阅览室/ [索取号:TS107/20=3] | 在馆 | |
| 2 | 1121105 | 211211053 | 第三借阅区/ [索取号:TS107/20=3] | 在馆 | |
| 3 | 1121106 | 211211062 | 第三借阅区/ [索取号:TS107/20=3] | 在馆 | |
| 4 | 1121107 | 211211071 | 第三借阅区/ [索取号:TS107/20=3] | 在馆 | |
| 5 | 1121108 | 211211080 | 密集书库-生命科学系/ [索取号:TS107/20=3] | 在馆 |